000
00226 a2200097 4500
001
13423
100
_a
Pannikar, K.M
245
_a
Asia western domination
260
_a
London
_b
George allen university
_c
090
_c
10436
_d
10436
942
_a
NUST-CAE
_c
M
_c
488
999
_c
248496
_d
248496